[Event "SVK-ch U12"]
[Site "Liptovsky Mikulas"]
[Date "2007.04.27"]
[Round "9"]
[White "Rizov, Jozef"]
[Black "Padysak, Matus"]
[Result "1-0"]
[WhiteElo "1350"]
[BlackElo "1430"]
[PlyCount "61"]
[EventDate "2007.04.22"]
[EventType "swiss"]
[EventRounds "9"]
[EventCountry "SVK"]
[SourceTitle "EXT 2008"]
[Source "ChessBase"]
[SourceDate "2007.11.25"]
[SourceVersion "1"]
[SourceVersionDate "2007.11.25"]
[SourceQuality "1"]

1. e4 e5 2. Nf3 Nc6 3. Bc4 Bc5 4. c3 Nf6 5. d4 exd4 6. cxd4 Bb4+ 7. Nc3 Nxe4 8. 0-0 Nxc3 9. bxc3 Bxc3 10. Ng5 0-0 11. Qh5 h6 12. Bxf7+ Rxf7 13. Nxf7 Qf8 14. Nxh6+ gxh6 15. Bxh6 Qf7 16. Qg5+ Kh7 17. Rac1 Bxd4 18. Qf4 Qxf4 19. Bxf4 d6 20. h4 Bf5 21. Kh2 Rg8 22. f3 b5 23. Rxc6 Rg7 24. Rd1 Bf6 25. g4 Bd7 26. Rxc7 Bxh4 27. Rxd6 Be8 28. Rh6+ Kg8 29. Rxg7+ Kxg7 30. Rxh4 a5 31. Be5+ 1-0

[Event "SVK-ch U12"]
[Site "Liptovsky Mikulas"]
[Date "2007.04.26"]
[Round "7"]
[White "Rizov, Jozef"]
[Black "Kerdik, Adam"]
[Result "1/2-1/2"]
[WhiteElo "1350"]
[BlackElo "1350"]
[PlyCount "107"]
[EventDate "2007.04.22"]
[EventType "swiss"]
[EventRounds "9"]
[EventCountry "SVK"]
[SourceTitle "EXT 2008"]
[Source "ChessBase"]
[SourceDate "2007.11.25"]
[SourceVersion "1"]
[SourceVersionDate "2007.11.25"]
[SourceQuality "1"]

1. e4 e5 2. Nf3 Nc6 3. Bc4 Nd4 4. c3 Nxf3+ 5. Qxf3 Qf6 6. Be2 Qxf3 7. Bxf3 Bc5 8. 0-0 h5 9. Rd1 d6 10. d4 exd4 11. cxd4 Bb6 12. Bf4 f6 13. e5 g5 14. Be3 g4 15. Be2 d5 16. Nc3 Be6 17. f4 gxf3 18. Bxf3 f5 19. Bxd5 Bxd5 20. Nxd5 0-0-0 21. Nxb6+ axb6 22. Rf1 Ne7 23. Rf2 Nd5 24. Bg5 Rdf8 25. Raf1 Rhg8 26. Rxf5 Rxf5 27. Rxf5 Nb4 28. a3 Nc2 29. Bf6 Nxd4 30. Rxh5 Ne6 31. g3 Kd7 32. Rh7+ Ke8 33. Re7+ Kf8 34. Rxe6 Rg6 35. Be7+ Kf7 36. Rxg6 Kxg6 37. Bf6 Kf5 38. Kf2 Ke6 39. Kf3 Kf5 40. g4+ Kg6 41. h4 c5 42. h5+ Kf7 43. g5 c4 44. Kf4 c3 45. bxc3 b5 46. Kf5 b4 47. axb4 b5 48. c4 bxc4 49. e6+ Kf8 50. b5 c3 51. Bxc3 Kg8 52. b6 Kf8 53. b7 Ke7 54. b8Q 1/2-1/2